| 000 | 01042nam a2200277 i 4500 | ||
|---|---|---|---|
| 001 | 18788 | ||
| 003 | ES-MaACL | ||
| 005 | 20250827062543.0 | ||
| 007 | t| | ||
| 008 | 020201s2001 sp ||||0| spa | ||
| 020 | _a84-7476-318-5 | ||
| 080 | _a946.0"1939/75":316.65 | ||
| 080 | _a32(460)"1975/82":316.65 | ||
| 100 | 1 |
_aMoral, Félix. _982932 |
|
| 245 | 1 | 0 |
_aVeinticinco años después _b: la memoria del franquismo y de la transición a la democracia en los españoles del año 2000 / _cFélix Moral. |
| 250 | _a1ª ed. | ||
| 260 |
_aMadrid : _bCentro de Investigaciones Sociológicas, _c2001. |
||
| 300 |
_a111 p. : _bgráf. ; _c30 cm. |
||
| 490 | 1 |
_aOpiniones y actitudes ; _v36 |
|
| 651 | 4 |
_aEspaña- _xHistoria- _y1939-1975, Dictadura- _xOpinión pública. _98336 |
|
| 651 | 4 |
_aEspaña- _xPolítica y gobierno- _y1975-1982- _xOpinión pública. _98448 |
|
| 710 | 2 |
_aCentro de Investigaciones Sociológicas (España) _92708 |
|
| 830 | 1 |
_aOpiniones y actitudes ; _v36 _9179773 |
|
| 852 |
_aES-MaACL _jL-25273 |
||
| 999 |
_c18788 _d18788 |
||